000 01039nam a2200301 c 4500
003 BLK
005 20180420215342.0
008 180413b bul|||||r ||||||| ||bul||
010 _aKNG00020436000
020 _a954-704-039-5
_bиздат.: Компас
040 _aBLK
041 _aBUL
_cBUL
080 _aАмериканска литература (на САЩ)
_b821.111(73)
_x-31
_z821.111(73)-31
100 1 _aКанфийлд, Сандра
_eпърви автор
_9251746
139 _aКанфийлд, Сандра
_bК 25
245 1 0 _aИзкушението
_b[Роман]
_cСандра Канфийлд.
257 _aUSA
260 Варна
_bКомпас
_c1997
300 _a352 с.
_c20 см
380 _aX
490 1 _aИзбрани женски романи
500 _aОриг. загл. The Loving / Sandra Canfield - 2 500 тир.
852 _aЦб 195739
856 4 _qpdf
_u
856 4 _qpdf
_u
942 _cKNG
_n0
944 _aCR
_c15.01.2003
_kAB_DOS
944 _aED
_c23.12.2016
_kСилвестър_Спасов
999 _c18385
_d18385